El mensaje y el mensajero sideral / (Record no. 186043)

MARC details
000 -LEADER
campo de control de longitud fija 01309nam a2200313 i 4500
001 - NÚMERO DE CONTROL
campo de control 186043
003 - IDENTIFICADOR DE NÚMERO DE CONTROL
campo de control SpMaBN
005 - FECHA Y HORA DE LA ÚLTIMA TRANSACCIÓN
campo de control 20250814063258.0
008 - DATOS DE LONGITUD FIJA--INFORMACIÓN GENERAL
campo de control de longitud fija 160905e1983 sp a |r 001 0 spa
017 ## - NÚMERO DE COPYRIGHT O DE DEPÓSITO LEGAL
Número de copyright o de depósito legal M 38407-1983
Agencia que asigna Oficina Depósito Legal Madrid
020 ## - NÚMERO INTERNACIONAL ESTÁNDAR DEL LIBRO
Número Internacional Estándar del Libro 84-206-9995-0
080 ## - NÚMERO DE LA CLASIFICACIÓN DECIMAL UNIVERSAL
Número de la Clasificación Decimal Universal 52"16"
100 1# - ENTRADA PRINCIPAL--NOMBRE DE PERSONA
9 (RLIN) 53419
Nombre de persona Galilei, Galileo,
Fechas asociadas al nombre 1564-1642
Término indicativo de función/relación Autor
245 13 - MENCIÓN DEL TÍTULO
Título El mensaje y el mensajero sideral /
Mención de responsabilidad, etc. Galileo-Kepler ; introducción y traducción de Carlos Solís Santos
260 ## - PUBLICACIÓN, DISTRIBUCIÓN, ETC.
Lugar de publicación, distribución, etc. Madrid :
Nombre del editor, distribuidor, etc. Alianza Editorial,
Fecha de publicación, distribución, etc. [1983]
300 ## - DESCRIPCIÓN FÍSICA
Extensión 212 páginas :
Otras características físicas ilustraciones ;
Dimensiones 18 cm
490 1# - MENCIÓN DE SERIE
Mención de serie El libro de bolsillo ;
Designación de volumen o secuencia 995.
Nombre de parte o sección de la obra Ciencia y técnica
RLIN 181079
500 ## - NOTA GENERAL
Nota general Índice
505 0# - NOTA DE CONTENIDO CON FORMATO
Nota de contenido con formato Galileo "La gaceta sideral"; Kepler "Conversación con el mensajero sideral"; Apéndices
534 ## - NOTA SOBRE LA VERSIÓN ORIGINAL
Frase introductoria Traducción de: Sidereus nuncius: dissertatio cum nuncio sidereo
650 #4 - PUNTO DE ACCESO ADICIONAL DE MATERIA--TÉRMINO DE MATERIA
Término de materia o nombre geográfico como elemento de entrada Astronomía-
Subdivisión de forma Obras anteriores a 1800
9 (RLIN) 10389
700 1# - ENTRADA AGREGADA--NOMBRE PERSONAL
Nombre de persona Kepler, Johannes,
Fechas asociadas al nombre 1571-1630
Término indicativo de función/relación Autor
9 (RLIN) 67878
700 1# - ENTRADA AGREGADA--NOMBRE PERSONAL
Nombre de persona Solís Santos, Carlos,
Fechas asociadas al nombre 1945-
Término indicativo de función/relación Autor de introducción
-- Traductor
9 (RLIN) 107220
830 #3 - PUNTO DE ACCESO ADICIONAL DE SERIE-TÍTULO UNIFORME
Título uniforme El libro de bolsillo ;
Designación de volumen o secuencia 995.
Nombre de parte o sección de la obra Ciencia y técnica
9 (RLIN) 181079
852 ## - LOCALIZACIÓN
Ubicación ES-MaACL
Ubicación en estantería Depósito 2
Donativo/Legado Donat. Miguel A. Velasco
Número de control de estantería L-30629
942 ## - ELEMENTOS DE ENTRADA SECUNDARIOS (KOHA)
Fuente del sistema de clasificación o colocación Clasificación decimal universal
Tipo de ítem Koha Libro impreso
Suprimir en OPAC No
Holdings
Estatus retirado Estado de pérdida Fuente del sistema de clasificación o colocación Estado de daño No para préstamo Biblioteca de origen Biblioteca actual Ubicación en estantería Fecha de adquisición Fuente de adquisición Total de préstamos Signatura topográfica completa Código de barras Visto por última vez Tipo de ítem Koha
    Clasificación decimal universal     Biblioteca del Ateneo de Madrid Biblioteca del Ateneo de Madrid Depósito 2 05/09/2016 Donación   L-30629 1196138 23/02/2023 Libro impreso